| 000 | 00384nam a2200157 4500 | ||
|---|---|---|---|
| 020 | _a0471170607 | ||
| 040 | _cDLC | ||
| 082 | 0 | 0 | _a519 WIL 1971 A008 Or. |
| 100 | 1 | _aCooley, William W. | |
| 245 | 1 | 0 | _aMultivariate data analysis |
| 260 |
_aNew York, _bWiley _c[1971] |
||
| 300 |
_ax, 364 p. _c24 cm. |
||
| 650 | 0 | _aMultivariate analysis. | |
| 700 | 1 | _aLohnes, Paul R., | |
| 942 | _cEK | ||
| 999 |
_c17090 _d17090 |
||